The noble scholar, jurist, historian


 His Excellency Dr. Abdul Wahhab bin Ibrahim Abu Sulaiman, may Allah have mercy on him.


 He was born in Umm Al-Qura in the year 1356 AH.

أصول البزدوي : (Record no. 12041)

MARC details
000 -LEADER
fixed length control field 01653cam a22003011i 4500
003 - CONTROL NUMBER IDENTIFIER
control field SA-RiAUC
005 - DATE AND TIME OF LATEST TRANSACTION
control field 20250923051924.0
008 - FIXED-LENGTH DATA ELEMENTS--GENERAL INFORMATION
fixed length control field 250810q19001999pk g b 000 0 ara c
040 ## - CATALOGING SOURCE
Original cataloging agency SA-JeALM
Language of cataloging ara
Transcribing agency SA-RiAUC
Description conventions rda
082 04 - DEWEY DECIMAL CLASSIFICATION NUMBER
Classification number 251
Assigning agency SA-RiAUC
090 ## - LOCALLY ASSIGNED LC-TYPE CALL NUMBER (OCLC); LOCAL CALL NUMBER (RLIN)
Classification number (OCLC) (R) ; Classification number, CALL (RLIN) (NR) 251
Local cutter number (OCLC) ; Book number/undivided call number, CALL (RLIN) ب ز د
100 1# - MAIN ENTRY--PERSONAL NAME
Personal name البزدوي، علي بن محمد بن الحسين،
Dates associated with a name 400-482 هجري
Relator term مؤلف.
245 10 - TITLE STATEMENT
Title أصول البزدوي :
Remainder of title كنز الوصول إلى معرفة الأصول /
Statement of responsibility, etc. تأليف الإمام فخر الإسلام علي بن محمد البزدوي الحنفي. وبهامشه تخريج أحاديث أصول البزدوي / للحافظ قاسم ابن قطلوبغا : تحقيق سائد بكداش.
246 30 - VARYING FORM OF TITLE
Title proper/short title كنز الوصول إلى معرفة الأصول
264 #1 - PRODUCTION, PUBLICATION, DISTRIBUTION, MANUFACTURE, AND COPYRIGHT NOTICE
Place of production, publication, distribution, manufacture المدينة المنورة :
Name of producer, publisher, distributor, manufacturer دار السراج.
Date of production, publication, distribution, manufacture, or copyright notice 2014.
300 ## - PHYSICAL DESCRIPTION
Extent 838 صفحة ؛
Dimensions 24 سم.
336 ## - CONTENT TYPE
Content type term نص
Content type code txt
Source rdacontent
Materials specified كتاب
337 ## - MEDIA TYPE
Media type term بدون وسيط
Media type code n
Source rdamedia
338 ## - CARRIER TYPE
Carrier type term مجلد
Carrier type code nc
Source rdacarrier
500 ## - GENERAL NOTE
General note يشتمل على ملاحق.
504 ## - BIBLIOGRAPHY, ETC. NOTE
Bibliography, etc. note يشتمل على إرجاعات ببليوجرافية.
650 #7 - SUBJECT ADDED ENTRY--TOPICAL TERM
Topical term or geographic name entry element أصول الفقه الإسلامي
Source of heading or term aucsh
700 12 - ADDED ENTRY--PERSONAL NAME
Relationship information مع :
Personal name ابن قطلوبغا، قاسم بن قطلوبغا،
Dates associated with a name 802-879 هجري.
Title of a work تخريج أحاديث أصول البزدوي.
700 12 - ADDED ENTRY--PERSONAL NAME
Relationship information تخريج لـ :
Personal name البزدوي، محمد بن محمد بن الحسين،
Dates associated with a name 421-493 هجري.
Title of a work كنز الوصول إلى معرفة الأصول.
700 ## - ADDED ENTRY--PERSONAL NAME
Personal name بكداش, سائد.
Relator term تحقيق
942 ## - ADDED ENTRY ELEMENTS (KOHA)
Source of classification or shelving scheme Dewey Decimal Classification
Koha item type Books
Suppress in OPAC No
949 ## - LOCAL PROCESSING INFORMATION (OCLC)
a SA-JeALM
d 250810
u mohamedma123
n 1
Holdings
Withdrawn status Lost status Source of classification or shelving scheme Damaged status Not for loan Home library Current library Date acquired Total checkouts Full call number Barcode Date last seen Price effective from Koha item type
    Dewey Decimal Classification     DR AbdElwahab Library DR AbdElwahab Library 09/23/2025   251 ب ز د 000019380 09/23/2025 09/23/2025 Books